Central Library OPAC University of Rajshahi

A handbook of Muhammadan art / (Record no. 17054)

MARC details
000 -LEADER
fixed length control field 00779nam a2200253 a 4500
001 - CONTROL NUMBER
control field 17054
003 - CONTROL NUMBER IDENTIFIER
rucl marc code BD-RjUL
005 - DATE AND TIME OF LATEST TRANSACTION
control field 20211209000100.0
008 - FIXED-LENGTH DATA ELEMENTS--GENERAL INFORMATION
fixed length control field 170124m19581944nyua b 000 0 eng d
035 ## - SYSTEM CONTROL NUMBER
System control number OCLC 00519275 from nso2
-- (BD-RjUL)17111
040 ## - CATALOGING SOURCE
Original cataloging agency WSU
Modifying agency OCL
Language of cataloging eng
Transcribing agency BD-RjUL
041 ## - LANGUAGE CODE
Language code of text/sound track or separate title eng
082 ## - DEWEY DECIMAL CLASSIFICATION NUMBER
Classification number 700.48297
Author mark and year DIH 1958
Edition number 23
100 1# - MAIN ENTRY--PERSONAL NAME
Personal name Dimand, M. S.
9 (RLIN) 52607
245 12 - TITLE STATEMENT
Title A handbook of Muhammadan art /
Statement of responsibility, etc. by M.S. Dimand
250 ## - EDITION STATEMENT
Edition statement 3rd ed., rev. and enl.
260 ## - PUBLICATION, DISTRIBUTION, ETC. (IMPRINT)
Place of publication, distribution, etc. New York :
Name of publisher, distributor, etc. Metropolitan Museum of Art,
Date of publication, distribution, etc. 1958
300 ## - PHYSICAL DESCRIPTION
Pagination xi, 380 p. :
Illustrations ill. ;
Size 21 cm.
504 ## - BIBLIOGRAPHY, ETC. NOTE
Bibliography, etc Bibliography: p. 332-348.
650 #0 - SUBJECT ADDED ENTRY--TOPICAL TERM
Topical term or geographic name as entry element Islamic art
9 (RLIN) 52608
Topical term or geographic name as entry element Decoration and ornament
9 (RLIN) 52609
Topical term or geographic name as entry element Islamic decoration and ornament
9 (RLIN) 52610
942 ## - ADDED ENTRY ELEMENTS (KOHA)
Source of classification or shelving scheme Dewey Decimal Classification
Koha item type Books
Holdings
Lost status Source of classification or shelving scheme Damaged status Not for loan Collection code Permanent Location Current Location Shelving location Date acquired Source of acquisition Total Checkouts Full call number Date last seen Copy number Koha item type Cost, normal purchase price
  Dewey Decimal Classification   Not For Loan Non-fiction Central Library, University of Rajshahi Central Library, University of Rajshahi Reading Room 20/03/1963 Zeitlinger   700.48297 DIH 1958 24/01/2017 C-1 Books  
  Dewey Decimal Classification     Non-fiction Central Library, University of Rajshahi Central Library, University of Rajshahi   20/08/1963 zeitlinger   745 DIH 1958 07/11/2019 C-2 Books 52.00
  Dewey Decimal Classification     Non-fiction Central Library, University of Rajshahi Central Library, University of Rajshahi   14/02/1963 Zeitlinger   700.48297 DIH 1958 15/12/2019 C-3 Books 52.00
  Dewey Decimal Classification     Non-fiction Central Library, University of Rajshahi Central Library, University of Rajshahi   18/12/2019     700.48297 DIH 1958 18/12/2019 C-4 Books  
  Dewey Decimal Classification     Non-fiction Central Library, University of Rajshahi Central Library, University of Rajshahi   20/03/1963 Zeitlinger   700.48297 DIH 1958 08/03/2020 C-5 Books